000 00866 a2200265 4500
001 48
005 20260407155405.0
008 260407a2008 arg spa d
003 AR-UNSa-BCEJYS
040 _aAR-UNSa-BCEJYS
_bspa
_cAR-UNSa-BCEJYS
080 _a343(094.4)
_xCódigo Penal
245 1 0 _aCódigo Penal de la República Argentina
020 _a978-987-01-0752-1
250 _a7a. ed.
264 1 _aBuenos Aires :
_bErrepar
_c2008
300 _axviii, 573 p.
_c21 cm.
041 _aspa
942 _cBK
590 _aniveau_biblio:m niveau_hierar:0
100 1 _aParada, Ricardo Antonio
700 1 _aArgentina (Código Penal)
700 1 _aErrecaborde, José Daniel
700 1 _aCañada, Francisco Roberto
856 4 1 _uhttps://biblioeco.unsa.edu.ar/pmb/images/libros/Codigo penal de la republica argentina-l117324.jpg
_yImagen de portada
_qimage/jpeg
999 _c39
_d39